书目信息 |
| 题名: |
英汉细胞生物学词典
|
|
| 作者: | 王金发 , 刘兵 编 | |
| 分册: | ||
| 出版信息: | 北京 科学出版社 2005 |
|
| 页数: | 640页 | |
| 开本: | 22cm | |
| 丛书名: | ||
| 单 册: | ||
| 中图分类: | Q-61 | |
| 科图分类: | ||
| 主题词: | 细胞生物学--Xi Bao Sheng Wu Xue--英语--汉语--词典 | |
| 电子资源: | ||
| ISBN: | 7-03-012118-X | |
| 000 | 00979nam0 2200289 450 | |
| 001 | CAL 012005021477 | |
| 005 | 20151222162544.15 | |
| 010 | @a7-03-012118-X@b精装@dCNY 58.00 | |
| 099 | @aCAL 012005021477 | |
| 100 | @a20050315d2005 ekmy0chiy0121 ea | |
| 101 | 0 | @achi@aeng |
| 102 | @aCN@b110000 | |
| 105 | @ay e 001yy | |
| 200 | 1 | @a英汉细胞生物学词典@AYing Han Xi Bao Sheng Wu Xue Ci Dian@d= English-chinese dictionary of cell biology@f王金发, 刘兵等编@zeng |
| 210 | @a北京@c科学出版社@d2005 | |
| 215 | @a640页@d22cm | |
| 320 | @a有索引 | |
| 330 | @a本词典收集了细胞生物学及分子生物学相关名词术语约7000条。大部分词目都附有简明释义。 | |
| 510 | 1 | @aEnglish-chinese dictionary of cell biology@zeng |
| 606 | 0 | @a细胞生物学@AXi Bao Sheng Wu Xue@x英语@x汉语@j词典 |
| 690 | @aQ-61@v4 | |
| 701 | 0 | @a王金发@AWang Jin Fa@4编 |
| 701 | 0 | @a刘兵@ALiu Bing@4编 |
| 801 | 0 | @aCN@bNMU@c20050614 |
| 905 | @a10447@dQ-61@eW230 | |
| 906 | @dCNY58.00@n0@r1 | |
| 998 | @aNMU | |
| 英汉细胞生物学词典= English-chinese dictionary of cell biology/王金发, 刘兵等编.-北京:科学出版社,2005 |
| 640页;22cm |
| ISBN 7-03-012118-X(精装):CNY 58.00 |
| 本词典收集了细胞生物学及分子生物学相关名词术语约7000条。大部分词目都附有简明释义。 |
| ● |
| 相关链接 |
|
|
|
正题名:英汉细胞生物学词典
索取号:Q-61/W230
 
预约/预借
| 序号 | 登录号 | 条形码 | 馆藏地/架位号 | 状态 | 备注 |
| 1 | 1235381 | 212353816 | 生命科学与工程学院资料室/ [索取号:Q-61/W230] | 在馆 | |
| 2 | 533567 | 205335671 | 自科库401/401自科库 24排2列4层/ [索取号:Q-61/W230] | 在馆 | |
| 3 | 533568 | 205335680 | 自科库401/401自科库 24排2列4层/ [索取号:Q-61/W230] | 在馆 | |
| 4 | 533569 | 205335699 | 自科库401/401自科库 24排2列4层/ [索取号:Q-61/W230] | 在馆 |